Panamá. La integración Regional: un instrumento de desarrollo nacional
El propósito del texto es reunir el trabajo realizado en Panamá en los talleres elaborados por el Círculo de Copan, cuyo objetivo es plantear la integración en América Central como tema importante. En el primer capítulo se reflexiona acerca de la integración centroamericana y el papel de la cooperac...
Збережено в:
| Формат: | Невідомо |
|---|---|
| Мова: | Spanish |
| Опубліковано: |
Costa Rica :
Centro Internacional para el Desarrollo Humano. CIDH
|
| Серія: | Colección Círculo de Copán
|
| Предмети: | |
| Теги: |
Додати тег
Немає тегів, Будьте першим, хто поставить тег для цього запису!
|
MARC
| LEADER | 00000 a2200000 04500 | ||
|---|---|---|---|
| 001 | 42297 | ||
| 003 | cru CIDCACS/IIS | ||
| 005 | 20230613140411.0 | ||
| 008 | 050701s2009 cr spa d | ||
| 020 | |a 978-9968-512-09-1 | ||
| 022 | |a 978-9968-512-09-1 | ||
| 040 | |c CRAI/IIS | ||
| 090 | |a 0001 C691i T10 | ||
| 245 | |a Panamá. La integración Regional: |b un instrumento de desarrollo nacional | ||
| 260 | |a Costa Rica : |b Centro Internacional para el Desarrollo Humano. CIDH | ||
| 300 | |a 72 páginas | ||
| 440 | |a Colección Círculo de Copán | ||
| 520 | |a El propósito del texto es reunir el trabajo realizado en Panamá en los talleres elaborados por el Círculo de Copan, cuyo objetivo es plantear la integración en América Central como tema importante. En el primer capítulo se reflexiona acerca de la integración centroamericana y el papel de la cooperación española a la región. En el segundo capítulo se sugiere la integración regional como elemento constitutivo de la solución a las crisis vividas por los países de la región y los desafíos para Panamá y el mundo sobre aquélla. Por último se coloca a la seguridad en el marco del desarrollo nacional y regional. | ||
| 590 | |a Lorenzo220914 | ||
| 650 | |a INTEGRACION REGIONAL | ||
| 650 | |a OCDE |a COOPERACION INTERNACIONAL | ||
| 650 | |a OCDE |a CRISIS ECONOMICA | ||
| 650 | |a OCDE |a SEGURIDAD CIUDADANA | ||
| 650 | |a OCDE |a GOBERNABILIDAD | ||
| 650 | |a OCDE |a DESARROLLO ECONOMICO | ||
| 650 | |a OCDE |a DESARROLLO SOCIAL | ||
| 650 | |a OCDE |a PANAMA | ||
| 650 | |a OCDE | ||
| 942 | |2 ddc |c LI | ||
| 999 | |c 17375 |d 17375 | ||



